000 01262nam a22002894a 4500
001 512
003 BR-RjBN
005 20260520084337.0
008 120101s2012 sp 000 f por d
020 _a9788565765015
040 _bpor
041 1 _apor
_heng
082 _a028.5
_bC344s
100 1 _aCass, Kiera.
240 1 0 _aThe Selection.
245 1 2 _aA seleção :
_btrinta e cinco garotas e uma coroa /
_cKiera Cass.
260 _aSão Paulo :
_bSeguinte,
_c2012.
300 _a363 p. ;
520 _aAmerica Singer vive em uma sociedade dividida por castas e leva uma vida simples ao lado da família. Apesar de estar apaixonada secretamente por Aspen, sua rotina muda completamente quando ela é escolhida para participar da Seleção, competição em que o príncipe Maxon deverá escolher sua futura esposa entre trinta e cinco garotas. Em meio ao luxo do palácio, disputas, sentimentos conflitantes e descobertas pessoais, America passa a questionar seus sonhos, seu futuro e o verdadeiro significado do amor.
650 0 _aLiteratura norte-americana.
650 0 _aDistopia.
650 0 _aRelacionamentos amorosos.
_91098
650 0 _aSociedade fictícia.
655 0 _aRomance juvenil.
655 0 _aFicção.
_922
942 _2ddc
_n0
_cBK
999 _c512
_d512